Online Catalogue and eLibrary

Utopian bodies and the politics of transgression / (Record no. 418)

MARC details
000 -LEADER
fixed length control field 00720cam a2200253 a 4500
001 - CONTROL NUMBER
control field 12108832
005 - DATE AND TIME OF LATEST TRANSACTION
control field 20240216060143.0
008 - FIXED-LENGTH DATA ELEMENTS--GENERAL INFORMATION
fixed length control field 000715s2000 enk b 001 0 eng d
020 ## - INTERNATIONAL STANDARD BOOK NUMBER
ISBN 0415214629 (hbk.)
020 ## - INTERNATIONAL STANDARD BOOK NUMBER
ISBN 0415214637 (pbk.)
040 ## - CATALOGING SOURCE (பட்டியலாக்க மூலம்)
Original cataloging agency EQO
Transcribing agency EQO
Modifying agency DLC
082 ## - DDC Classification
DDC Edition Number 22
Class No. 320
Item Number - Author Mark UTO.
100 1# - MAIN ENTRY--PERSONAL NAME
Personal name Sargisson, Lucy,
245 10 - TITLE STATEMENT
Title Utopian bodies and the politics of transgression /
Statement of responsibility, etc. Lucy Sargisson.
260 ## - PUBLICATION, DISTRIBUTION, ETC.
Place of publication, distribution, etc. London ;
-- New York :
Name of publisher, distributor, etc. Routledge,
Date of publication, distribution, etc. 2000.
300 ## - PHYSICAL DESCRIPTION
Extent (e.g. Volumes, Pages etc.) 170 p. ;
650 #0 - SUBJECT ADDED ENTRY--TOPICAL TERM
Topical term or geographic name entry element Utopias.
650 #0 - SUBJECT ADDED ENTRY--TOPICAL TERM
Topical term or geographic name entry element Utopias
650 #0 - SUBJECT ADDED ENTRY--TOPICAL TERM
Topical term or geographic name entry element Gender identity.
650 #0 - SUBJECT ADDED ENTRY--TOPICAL TERM
Topical term or geographic name entry element Human body
650 #0 - SUBJECT ADDED ENTRY--TOPICAL TERM
Topical term or geographic name entry element Political science.
856 42 - ELECTRONIC LOCATION AND ACCESS
Uniform Resource Identifier <a href="http://www.loc.gov/catdir/enhancements/fy0650/00269550-d.html">http://www.loc.gov/catdir/enhancements/fy0650/00269550-d.html</a>
942 ## - Koha item type (Biblio)
Koha item type Books in Stacks (Lending)
Holdings
Lost status Damaged status Collection code Home library Current library Date acquired Full call number Accession Number Item type
    Lending WERC Library WERC Library 02/16/2024 320 UTO. 4250 Books in Stacks (Lending)

© WERC Library